| Tag |
First Indicator |
Second Indicator |
Subfields |
| LEADER |
00000cam a2200000 a 4500 |
| 001 |
in00000095963 |
| 005 |
20150923173829.0 |
| 008 |
750529c1974 caua b 00010 eng d |
| 020 |
|
|
|a 0822452952
|
| 035 |
|
|
|a (OCoLC)01359631
|
| 035 |
|
|
|9 AAK8350AM
|
| 040 |
|
|
|c ILU
|d UtOrBLW
|
| 049 |
|
|
|a TXAM
|c [1673591]
|
| 090 |
|
|
|a LC4091
|b S72 1974
|
| 100 |
1 |
|
|a Stott, D. H.
|q (Denis Herbert),
|d 1909-1988.
|
| 245 |
1 |
4 |
|a The parent as teacher :
|b a guide for parents of children with learning difficulties /
|c D.H. Stott.
|
| 250 |
|
|
|a 1st American ed.
|
| 264 |
|
1 |
|a Belmont, Calif. :
|b Lear Siegler, Inc./Fearon,
|c 1974
|
| 264 |
|
4 |
|c ©1972
|
| 300 |
|
|
|a 136 pages :
|b illustrations ;
|c 21 cm.
|
| 336 |
|
|
|a text
|b txt
|2 rdacontent
|
| 337 |
|
|
|a unmediated
|b n
|2 rdamedia
|
| 338 |
|
|
|a volume
|b nc
|2 rdacarrier
|
| 504 |
|
|
|a Includes bibliographical references.
|
| 650 |
|
0 |
|a Children with disabilities
|x Education.
|
| 650 |
|
0 |
|a Homebound instruction.
|
| 999 |
|
|
|a MARS
|
| 999 |
f |
f |
|s 1a3b881f-e189-3787-b808-09a25c36f24a
|i 0a7390ef-5b39-360b-9bd7-98504a9a8c19
|t 0
|
| 952 |
f |
f |
|p normal
|a Texas A&M University
|b College Station
|c Sterling C. Evans Library
|d Evans: Library Stacks
|t 0
|e LC4091 S72 1974
|h Library of Congress classification
|i unmediated -- volume
|m A14806049350
|
| 998 |
f |
f |
|a LC4091 S72 1974
|t 0
|l Evans: Library Stacks
|